000 01309cam a2200349 4500
001 .b43271200
003 YEEZEN
005 20260310145000.0
008 251118s2025 ch g b 000 0 chi d
020 _a9786264330633
_q(平裝) :
_cNT$380
040 _aNTUST
_bchi
_cNTUST
_eCCR
041 1 _achi
_hkor
042 _anbic
090 _a177.1
_b464.3
100 1 _a鄭文正
240 1 0 _a다정하지만 만만하지 않습니다
_l中文
245 1 0 _a對你親切, 不代表我好欺負 :
_b學會精準表達 讓真心不被誤解的31個提案 /
_c鄭文正著 ; 陳品芳譯
246 1 _a學會精準表達, 讓心意不被誤解的31個提案
246 1 0 _a學會精準表達 讓真心不被誤解的31個提案
250 _a初版
260 _a臺北市 :
_b大塊文化出版 ;
_a新北市新莊區 :
_b大和總經銷,
_c2025.10
300 _a224面 ;
_c21公分
490 1 _aCatch ;
_v317.
500 _a附錄 : 1. 演講文1 微笑面對無禮之人的方法 ; 2. 演講文2 沒錢沒勢的人如果想往更好的地方發展
504 _a參考書目 : 面223-224.
650 7 _a人際傳播
_2lcstt.
650 7 _a溝通技巧
_2lcstt.
650 7 _a說話藝術
_2lcstt.
700 1 _a陳品芳
765 0 _t다정하지만 만만하지 않습니다
942 _2ccl
_cBOOK
999 _c7696
_d7696